000 01067nam a22002177a 4500
999 _c8610
_d8610
003 AR-CdUCM
008 190325b ||||| |||| 00| 0 spa d
040 _aMUNICIPALIDAD PROVINCIAL DEL CUSCO
_cBIBLIOTECA MUNICIPAL DEL CUSCO
082 _a217.7 /
_b D19
100 _aDalmau, Josep.
_924094
245 _aAgonía del autoritarismo católico /
260 _aMéxico :
_bEditorial Grijalbo,
_c1971.
300 _a160 páginas ;
_c17 cm.
440 _aColección 70
_n107
_924095
505 _aContenido: La sedicente crisis de obediencia - Una Iglesia sin obediencia: en comunión - La obediencia en el nacimiento de la "sociedad canónica" - Frente a la Reforma, concentración de la autoridad - La obediencia condicionada por la estructura del gobierno - La incorporación del diálogo en la Iglesia Católica - El pueblo de Dios como fundamento teológico de la Iglesia - Esbozo de una resistencia eclesial.
650 _aIglesia Católica
_93151
650 _aAutoridad
_924096
650 _aSocialismo cristiano
_924097
942 _2ddc
_cLIBROS
945 _adavv